[Event "GER Seniors Derby 02nd"]
[Site "Wesel/Heidelust"]
[Date "2003.03.13"]
[Round "1"]
[White "Koehler Kaess, Jan"]
[Black "Knosowski, Hans Josef"]
[Result "0-1"]
[WhiteElo "1520"]
[BlackElo "1824"]
[PlyCount "96"]
[EventDate "2003.03.13"]
[EventType "swiss"]
[EventRounds "7"]
[EventCountry "GER"]
[SourceTitle "EXT 2006"]
[Source "ChessBase"]
[SourceDate "2005.11.24"]
[SourceVersion "1"]
[SourceVersionDate "2005.11.24"]
[SourceQuality "1"]

1. e4 e5 2. f4 Bc5 3. Qg4 Nf6 4. Qf3 Nc6 5. c3 d6 6. f5 0-0 7. b4 Bb6 8. a4 a5 9. b5 Ne7 10. c4 c6 11. Nc3 d5 12. d3 dxe4 13. dxe4 Bxg1 14. Rxg1 Qd4 15. Qe3 cxb5 16. axb5 b6 17. Be2 Bb7 18. Qxd4 exd4 19. Nd5 Bxd5 20. exd5 Nxf5 21. Kf2 Rfe8 22. Bb2 Ne4+ 23. Ke1 Neg3 24. hxg3 Nxg3 25. Kf2 Nxe2 26. Rge1 Nc3 27. Bxc3 dxc3 28. Rac1 Rxe1 29. Rxe1 Kf8 30. Rc1 Ke7 31. Rxc3 Kd6 32. Ke3 a4 33. Ra3 Kc5 34. Kd3 Kb4 35. Ra1 a3 36. Rb1+ Kc5 37. Ra1 a2 38. Kc3 Ra4 39. Kb3 Rxc4 40. Rxa2 Kxd5 41. Ra7 Rf4 42. Rc7 Rf6 43. Kc3 h5 44. Kd3 g5 45. Ke3 h4 46. Ke2 g4 47. Ke1 h3 48. Rc2 h2 0-1